Statistics for Which City is Furthest North?

Click here to take the quiz!

General Stats

  • This quiz has been taken 210 times
  • The average score is 3 of 10

Answer Stats

QuestionAnswer% Correct
Which city is the furthest north?London
50%
Which city is the furthest north?Addis Ababa
40%
Which city is the furthest north?Boston
37%
Which city is the furthest north?Chengdu
31%
Which city is the furthest north?Perth
24%
Which city is the furthest north?San Francisco
24%
Which city is the furthest north?Kinshasa
22%
Which city is the furthest north?Islamabad
21%
Which city is the furthest north?Zagreb
20%
Which city is the furthest north?Istanbul
11%

Score Distribution

Percentile by Number Answered

Percent of People with Each Score

Your Score History

You have not taken this quiz